000 00774nam a22002057a 4500
999 _c5021
_d5021
003 AR-CdUCM
008 190311b ||||| |||| 00| 0 spa d
040 _aMUNICIPALIDAD PROVINCIAL DEL CUSCO
_cBIBLIOTECA MUNICIPAL DEL CUSCO
082 _a332.71 /
_bR73
100 _aRochac, Alfonso
_915346
245 _aEl crédito agrícola /
260 _aBarcelona :
_bSalvat Editores,
_c1956.
300 _a566 paginas ;
_bIlustraciones,
_c23 cm.
505 _aLa agricultura y el crédito agrícola -- El complejo económico de la agricultura -- El concepto de crédito agrícola -- Clasificación del crédito agrícola ...
650 _aCrédito agrícola
_910517
650 _aAgricultura
_9320
650 _aDesarrollo económico
_91696
942 _2ddc
_cLIBROS
945 _aacv